| 000 | 00669cab a2200265 4500 | ||
|---|---|---|---|
| 001 | ABS68704 | ||
| 008 | 050218n2005 000 0 eng u | ||
| 035 | _a(Sirsi) u128845 | ||
| 245 | _aRegional: north-east | ||
| 260 | _c2005 | ||
| 490 |
_aProperty Week _v70(6) 11 February 2005, 105-125(11) |
||
| 590 | _aABS | ||
| 650 | _aREGENERATION | ||
| 650 | _aRETAIL | ||
| 650 | _aINDUSTRIAL | ||
| 650 | _aDEVELOPMENT | ||
| 650 | _aMIXED-USE DEVELOPMENTS | ||
| 650 | _aOFFICE | ||
| 650 | _aGATESHEAD | ||
| 650 | _aNEWCASTLE | ||
| 650 | _aWEARDALE | ||
| 650 | _aDARLINGTON | ||
| 690 | _aPROPERTY-COMMERCIAL PROPERTY-COMMERCIAL PROPERTY MARKET | ||
| 942 | _n0 | ||
| 999 |
_c74813 _d74813 |
||